000
00329nam a2200145Ia 4500
100
_a
Murugesh/ Kumar/ Jagannath
942
_c
BK
654
_a
electronics
245
_a
Basic Electrical Electronics Engineering
260
_b
Vikas pub.
_c
1999
082
_a
621.3
_b
MUR/JAG
300
_a
0 0
546
_a
ENGLISH
999
_c
33651
_d
33651